Normal view
MARC view
- القضايا العربية-الثقافة
Entry Topical Term
001 - CONTROL NUMBER
- control field: 50097
003 - CONTROL NUMBER IDENTIFIER
- control field: JO-AjAnu
005 - DATE AND TIME OF LATEST TRANSACTION
- control field: 20230606082242.0
008 - FIXED-LENGTH DATA ELEMENTS
- fixed length control field: 230606|| aca||aabn | a|a d
040 ## - CATALOGING SOURCE
- Original cataloging agency: JO-AjAnu
- Transcribing agency: JO-AjAnu
150 ## - HEADING--TOPICAL TERM
- Topical term or geographic name entry element: القضايا العربية-الثقافة
670 ## - SOURCE DATA FOUND
- Source citation: Work cat.: (JO-AjAnu)25613: أعمال المؤتمر الثقافي العربي الثامن 12و13و14 كانون الاول /ديسمبر 2002, author 50096, دور المثقفين في الوطن العربي وديار الانتشار في نهضة بلدانهم ودعم القضايا العربية =The role educators in the arab world and overseas towards A renaissance in their countries and in support of arab issues